| 000 | 01138cam a2200301 i 4500 | ||
|---|---|---|---|
| 001 | 18311875 | ||
| 005 | 20141015153352.0 | ||
| 008 | 140922t2014 xxueo frb 001 0deng d | ||
| 020 | _a9780062310194 | ||
| 040 |
_aTXB _beng _cTXB _dTXB _dOCLCO _dBUR _dWIH _dYDXCP _dVP@ _dILC _dCDX _dUAB _dDLC _dEG-ScBUE |
||
| 043 |
_an-us--- _ae-ur--- _ae-ic--- |
||
| 082 | 0 | 0 |
_a327.73047 _222 _bADE |
| 100 | 1 |
_aAdelman, Kenneth L. _936224 |
|
| 245 | 1 | 0 |
_aReagan at Reykjavik : _bforty-eight hours that ended the Cold War / _cKen Adelman. |
| 250 | _a1st ed. | ||
| 260 |
_aNew York, United States : _bBroadside Books, _cc.2014. |
||
| 300 |
_aviii, 375 p. : _bphotographs, plans ; _c24 cm. |
||
| 500 | _aIndex : p. 365-375. | ||
| 504 | _aBibliography : p. 345-364. | ||
| 600 | 1 | 0 |
_aReagan, Ronald _936225 |
| 600 | 1 | 0 |
_aGorbachev, Mikhail Sergeevich, _d1931- _936226 |
| 650 | 0 |
_aSummit meetings _zIceland _zReykjavík _936227 |
|
| 651 | 0 |
_aUnited States _xForeign relations _zSoviet Union _936228 |
|
| 651 | 0 |
_aSoviet Union _xForeign relations _zUnited States _936229 |
|
| 653 |
_bBUSBOL _cOctober2014 |
||
| 655 |
_vreading book _934232 |
||
| 942 |
_2ddc _k327.73047 ADE |
||
| 999 |
_c18458 _d18430 |
||